000 00757nam a22002417a 4500
008 131127b xxu||||| |||| 00| 0 eng d
020 _a0-85404-739-5
024 _cAvailable
037 _cAvailable
040 _aMBSTU LIBRARY
_dMBSTU LIBRARY
082 _222
_a363.7 USE
100 _aEdited by A.Fajgelj.
245 _aThe use of matrix reference materials in....
260 _aCambridge
_bRoyal Soceity of Chemistry.
_c1999
300 _a24 cm.
_b206 page
_f1
_g24 cm.
600 _2Environmental problems.
650 _2Environmental problems.
700 _aEdited by A.Fajgelj.
270 _aCambridge
_bCambridge
_dAustralia.
365 _b9000.00
_d9000.00
942 _2ddc
_cBK
999 _c900
_d900